000 00799nam a2200229Ii 4500
003 JO-AjNU
008 230605s9999||||xx |||||||||||||| ||und||
017 _a2002/2606
020 _a977-01-7685
040 _aJO-AjNU
_bara
_erda
_cJO-AjNU
041 _aara
050 1 4 _aQ160.S2282 2002
100 3 _aصادق ، سمير حنا ,
_eauthor
_935150
245 0 0 _aالعلوم الطبيعية : خواصها وملامحها من تاريخها وبعض أعلامها
250 _aط2
264 3 1 _aالقاهرة:الهيئة المصرية العامه للكتاب ، 2002
300 _a179ص
336 _atext
_btxt
_2rdacontent
337 _aunmediated
_bn
_2rdamedia
338 _avolume
_bnc
_2rdacarrier
650 4 _aالعلوم الطبيعيه-العلوم-تراجم
_935151
999 _aA14482
_c18050
_d18050